Hlas Tatry

Bibliographic Details
Main Author: Beneš Buchlovan, Bedřich, 1885-1953 (Author)
Format: Book
Language:Czech
Published: Brno Karel Dvořáček [1921]
Series:Besídky o básnicích. Slovenští básnici
Subjects:

MARC

LEADER 00000cam a2200000 a 4500
001 vtls001267174
003 SK-MaSNL
005 20260301003918.0
008 240226s1921 xr 000 0 cze
035 |a SNK000218144 
035 |a urn:nbn:sk:snk-am3hfe4 
035 |a CBE50F41-CA6B-4D08-8762-D280B9C57602 
035 |a urn:nbn:sk:snk-am00cye5 
040 |a SNK  |b slo  |c SNK  |e AACR2 
041 0 |a cze 
044 |a xr  |c CZ 
100 1 |a Beneš Buchlovan, Bedřich,  |d 1885-1953  |4 aut  |9 87422 
245 1 0 |a Hlas Tatry  |c Bedřich Beneš-Buchlovan 
260 |a Brno  |b Karel Dvořáček  |c [1921] 
490 1 |a Besídky o básnicích. Slovenští básnici 
650 0 7 |a slovenská poézia  |2 SNKPH  |9 215422 
650 0 7 |a slovenskí básnici  |2 SNKPH  |9 67856 
655 7 |a štúdie  |2 SNKPH  |9 57033 
830 0 |a Besídky o básnicích. Slovenští básnici  |9 285969 
852 |a Slovenská národná knižnica 
954 |a odborná, vedecká literatúra cudzojazyčná (svetová)  |2 lita 
958 |a ONDV 
999 |c 540593  |d 542523 
952 |t P60, <03>, [BOOK], {603}  |a SNK  |b SNK  |y PREZ  |7 0  |p 17A0786334  |o snkSE 8130  |i snkF 1152/90  |0 0  |1 0  |4 0  |d 1996-11-22  |f 1  |l 0  |r 2005-01-01 00:00:00  |w 2026-02-23